Представление документа в формате RUSMARC

Поле Инд. ПП Название Значение
Тип записи a
Библиографический уровень a
001 Контрольный номер 9c86651d1fdd456a81a7656aa0caba03
005 Дата корректировки 20190518142627.5
100 a Данные общей обработки 20190518 ||| 0rusy0189 ca
101 0_ a Язык текста rus
102 a Страна публикации RU
200 1_ f Первые сведения об ответственности Л.А. Новоселова, Т.М. Медведева
a Заглавие Цифровые права - есть ли им место в российской правовой системе
b Общее обозначение материала Текст
210 1_ d Дата издания 2019
461 _0 1 2000
a Хозяйство и право
463 _0 1 2000
a № 4
v С. 3-16
1 2101
d 2019
1 00180e50113407a4c2db425a6bf68d393f4
606 a Основная рубрика Гражданское и торговое право
610 0_ a Ключевые слова ЦЕННЫЕ БУМАГИ
a Ключевые слова ПЛАТЕЖНАЯ СИСТЕМА
a Ключевые слова ИНФОРМАЦИОННО-КОММУНИКАЦИОННЫЕ ТЕХНОЛОГИИ
700 _1 a Фамилия Новоселова
b Имя Л.А.
701 _1 a Фамилия Медведева
b Имя Т.М.
801 _0 a Страна RU
b Организация РГУП
c Дата составления 20190518
g Правила каталогизации PSBO
801 _1 a Страна RU
b Организация РГУП
c Дата составления 20190518
g Правила каталогизации PSBO
901 t Тип документа b
w Контрольный № источника 80e50113407a4c2db425a6bf68d393f4
905 a Дата ввода 20190518